Hobbes on the citizen (Record no. 45644)
[ view plain ]
| 000 -LEADER | |
|---|---|
| fixed length control field | 00736nam a2200193 a 4500 |
| 008 - FIXED-LENGTH DATA ELEMENTS--GENERAL INFORMATION | |
| fixed length control field | 200622s2018 ||||||||||||||||| || u |
| 020 ## - INTERNATIONAL STANDARD BOOK NUMBER | |
| International Standard Book Number | 9780521437806 |
| 050 ## - LIBRARY OF CONGRESS CALL NUMBER | |
| Classification number | JC 153. H521 Hob |
| 100 ## - MAIN ENTRY--PERSONAL NAME | |
| Personal name | Silverthorne, Michael |
| 245 10 - TITLE STATEMENT | |
| Title | Hobbes on the citizen |
| Statement of responsibility, etc. | By Richard Tuck, Michael Silverthorne |
| 260 ## - PUBLICATION, DISTRIBUTION, ETC. | |
| Place of publication, distribution, etc. | Cambridge |
| Name of publisher, distributor, etc. | Cambridge University Press |
| Date of publication, distribution, etc. | 2018 |
| 300 ## - PHYSICAL DESCRIPTION | |
| Extent | lii, 250 pages |
| 490 ## - SERIES STATEMENT | |
| Series statement | Cambridge texts in the history of political thought |
| 650 #0 - SUBJECT ADDED ENTRY--TOPICAL TERM | |
| Topical term or geographic name entry element | POLITICAL SCIENCE |
| 650 ## - SUBJECT ADDED ENTRY--TOPICAL TERM | |
| Topical term or geographic name entry element | NATURAL LAW |
| 650 ## - SUBJECT ADDED ENTRY--TOPICAL TERM | |
| Topical term or geographic name entry element | AUTHORITY |
| 700 ## - ADDED ENTRY--PERSONAL NAME | |
| Personal name | Tuck, Richard |
| 995 ## - RECOMMENDATION 995 [LOCAL, UNIMARC FRANCE] | |
| -- | 37.14 |
| -- | CBU-MAIN LIBRARY (Kitwe) |
| -- | 1 |
| -- | AVAILABLE |
| -- | Jul 1, 2020 |
| -- | Main Library Open Access Collection |
| Withdrawn status | Lost status | Source of classification or shelving scheme | Damaged status | Not for loan | Home library | Current library | Shelving location | Date acquired | Total Checkouts | Full call number | Barcode | Date last seen | Price effective from | Koha item type |
|---|---|---|---|---|---|---|---|---|---|---|---|---|---|---|
| CBU-MAIN LIBRARY, KITWE. | CBU-MAIN LIBRARY, KITWE. | 11/30/2022 | JC 153. H521 Hob | 750328 | 11/30/2022 | 11/30/2022 | MONOGRAPH |